[Event "AUT-chT2W 1819"]
[Site "Austria"]
[Date "2019.03.10"]
[Round "11.1"]
[White "Matt, Stefan"]
[Black "Egger, Martin"]
[Result "1-0"]
[WhiteElo "2174"]
[BlackElo "2043"]
[PlyCount "124"]
[EventDate "2018.10.12"]
[EventType "team-tourn"]
[EventRounds "11"]
[EventCountry "AUT"]
[SourceTitle "CBM 189 Extra"]
[Source "ChessBase"]
[SourceDate "2019.06.03"]
[SourceVersion "1"]
[SourceVersionDate "2019.06.03"]
[SourceQuality "1"]
[WhiteTeam "Pradl"]
[BlackTeam "Neumarkt"]
[WhiteTeamCountry "AUT"]
[BlackTeamCountry "AUT"]

1. e4 e5 2. Nf3 Nc6 3. d4 exd4 4. Nxd4 Nf6 5. Nxc6 bxc6 6. e5 Qe7 7. Qe2 Nd5 8. c4 Ba6 9. b3 g6 10. g3 Bg7 11. Bb2 0-0 12. Bg2 Rfe8 13. 0-0 Bxe5 14. Bxe5 Qxe5 15. Qxe5 Rxe5 16. cxd5 Bxf1 17. Kxf1 cxd5 18. Nc3 c6 19. Rc1 Kf8 20. Na4 Rb8 21. Nc5 Re7 22. Nd3 f5 23. Rc5 Rb6 24. Bf3 Kg7 25. Be2 Kf6 26. Ke1 g5 27. Kd2 d6 28. Rc1 a5 29. Bf3 Ra7 30. Nb2 c5 31. Bxd5 Rb4 32. Bc4 d5 33. Be2 c4 34. Bd1 cxb3 35. axb3 Rd4+ 36. Nd3 f4 37. Rc6+ Kf7 38. Kc3 Re4 39. Bf3 d4+ 40. Kc4 Ree7 41. Bd5+ Kg7 42. gxf4 a4 43. f5 Rec7 44. f6+ Kf8 45. bxa4 Rxa4+ 46. Nb4 Rxc6+ 47. Bxc6 Ra5 48. Bd5 Ra4 49. Kb3 Ra5 50. f7 Rc5 51. Bc4 Rf5 52. Nd3 h5 53. Kc2 g4 54. Kd2 h4 55. Ke2 Ke7 56. Kf1 g3 57. hxg3 hxg3 58. f4 Rf6 59. Kg2 Rc6 60. Ne5 Rd6 61. Kxg3 Kf8 62. f5 d3 1-0

[Event "AUT-chT2W 1718"]
[Site "Austria"]
[Date "2018.03.10"]
[Round "10.2"]
[White "Egger, Martin"]
[Black "Jedinger, Andreas"]
[Result "1/2-1/2"]
[WhiteElo "2065"]
[BlackElo "2108"]
[PlyCount "105"]
[EventDate "2017.10.13"]
[EventType "team-tourn"]
[EventRounds "11"]
[EventCountry "AUT"]
[SourceTitle "EXT 2019"]
[Source "ChessBase"]
[SourceDate "2018.10.10"]
[SourceVersion "1"]
[SourceVersionDate "2018.10.10"]
[SourceQuality "1"]
[WhiteTeam "Neumarkt"]
[BlackTeam "Rochade Rum"]
[WhiteTeamCountry "AUT"]
[BlackTeamCountry "AUT"]

1. e4 e5 2. Nf3 Nc6 3. Bc4 Nf6 4. Ng5 d5 5. exd5 Na5 6. Bb5+ c6 7. dxc6 bxc6 8. Qf3 Rb8 9. Bd3 Bd6 10. Nc3 0-0 11. Bf5 h6 12. Nge4 Nxe4 13. Nxe4 Bc7 14. d3 Nb7 15. 0-0 Nd6 16. Nxd6 Bxd6 17. Bxc8 Qxc8 18. c3 f5 19. Qe2 Qc7 20. f3 Rbe8 21. Be3 Qf7 22. Qf2 Qe7 23. b4 Rf7 24. Bc5 Bxc5 25. Qxc5 Qxc5+ 26. bxc5 Rd7 27. Rad1 Red8 28. f4 e4 29. d4 Rb8 30. Rb1 Rdb7 31. Rxb7 Rxb7 32. Rc1 Kf7 33. Rc2 Ke6 34. c4 Rb1+ 35. Kf2 Rd1 36. d5+ cxd5 37. c6 d4 38. c5 Ke7 39. Rb2 Rc1 40. Rb7+ Kd8 41. Rd7+ Kc8 42. Rxd4 Rxc5 43. Ra4 a5 44. Ke3 Rd5 45. Rc4 Kc7 46. g4 g6 47. gxf5 gxf5 48. Ke2 Rb5 49. Ke3 Rd5 50. Ke2 h5 51. h4 Rb5 52. Ke3 Rd5 53. Ke2 1/2-1/2

[Event "AUT-chT2W 1415"]
[Site "Austria"]
[Date "2015.01.23"]
[Round "6.2"]
[White "Rusche, Johannes"]
[Black "Egger, Martin"]
[Result "1-0"]
[WhiteElo "2253"]
[BlackElo "2029"]
[PlyCount "67"]
[EventDate "2014.10.10"]
[EventType "team-tourn"]
[EventRounds "11"]
[EventCountry "AUT"]
[SourceTitle "EXT 2016"]
[Source "ChessBase"]
[SourceDate "2015.10.08"]
[SourceVersion "1"]
[SourceVersionDate "2015.10.08"]
[SourceQuality "1"]
[WhiteTeam "Kufstein/Woergl"]
[BlackTeam "Neumarkt"]
[WhiteTeamCountry "AUT"]
[BlackTeamCountry "AUT"]

1. e4 e5 2. Nf3 Nc6 3. Bb5 a6 4. Ba4 Nf6 5. 0-0 Be7 6. Re1 b5 7. Bb3 0-0 8. h3 Bb7 9. d3 d6 10. a3 Na5 11. Ba2 c5 12. Nbd2 Nd7 13. Nf1 Nb6 14. Ne3 Bc8 15. Bd2 Nc6 16. Nh2 Bg5 17. Nhf1 a5 18. Ng3 a4 19. Nef5 Bxd2 20. Qxd2 Be6 21. Re3 Bxa2 22. Rxa2 Nd4 23. Ra1 f6 24. Rf1 Ra7 25. f4 Nxf5 26. Nxf5 exf4 27. Rxf4 d5 28. Qf2 d4 29. Rg3 Kh8 30. Rh4 g5 31. Rh6 Raf7 32. h4 c4 33. Nxd4 Rg7 34. Ne6 1-0

[Event "AUT-ch qual"]
[Site "Gmunden"]
[Date "2005.08.18"]
[Round "6"]
[White "Egger, Martin"]
[Black "Sepetavc, Walter"]
[Result "1/2-1/2"]
[WhiteElo "2054"]
[BlackElo "2063"]
[PlyCount "77"]
[EventDate "2005.08.13"]
[EventType "swiss"]
[EventRounds "9"]
[EventCountry "AUT"]
[SourceTitle "CBM 107 Extra"]
[Source "ChessBase"]
[SourceDate "2005.09.01"]
[SourceVersion "1"]
[SourceVersionDate "2005.09.01"]
[SourceQuality "1"]

1. Nf3 c5 2. g3 Nc6 3. Bg2 g6 4. 0-0 Bg7 5. d3 e5 6. e4 Nge7 7. Nh4 0-0 8. c3 d5 9. Qb3 d4 10. Rd1 Qc7 11. Na3 Bg4 12. Re1 Be6 13. Qc2 Rad8 14. c4 Qd7 15. f4 Bg4 16. f5 gxf5 17. h3 Bh5 18. exf5 Bf6 19. Bh6 Rfe8 20. Rf1 Bxh4 21. g4 Bxg4 22. hxg4 f6 23. Qd2 Kh8 24. Bf3 Rg8 25. Kh1 Bg5 26. Qh2 Qe8 27. Nb5 Rd7 28. Rae1 a6 29. Na3 Qf7 30. Nb1 Nb4 31. Rd1 Bxh6 32. Qxh6 Qg7 33. Qh2 Nxa2 34. Nd2 Nb4 35. Ne4 Qf7 36. Nxc5 Rc7 37. Ne6 Rd7 38. Nc5 Rc7 39. Ne6 1/2-1/2